| 000 | 00934cam a2200205 4500 | ||
|---|---|---|---|
| 001 | WB3944-16 | ||
| 008 | 031120n2003 000 0 eng u | ||
| 035 | _a(Sirsi) u124391 | ||
| 245 | _aSection 106 to get alternative | ||
| 260 | _c2003 | ||
| 490 |
_aRetail Week _v 14 November 2003, 30(1) |
||
| 520 | _aThe Planning Minister has unveiled proposals which would allow property developers to opt to pay a fixed charge to local authorities rather than engage in lengthy negotiations over Section 106 agreements. These proposals are to be included in the Planning and Compulsory Purchase Bill which is making its way through parliament. | ||
| 590 | _aWB | ||
| 650 | _aRETAIL DEVELOPMENTS | ||
| 650 | _aPLANNING AND COMPULSORY PURCHASE ACT 2004 | ||
| 650 | _aTOWN AND COUNTRY PLANNING ACT 1990 S106 | ||
| 650 |
_aCompulsory purchase _96228 |
||
| 690 | _aENVIRONMENTAL AND LAND CONSULTANCY-PLANNING AND DEVELOPMENT | ||
| 942 | _n0 | ||
| 999 |
_c73817 _d73817 |
||